01000nam a22002657a 4500003000900000005001700009008002900026020001500055040002500070082002600095100003100121245008600152260003600238300003000274500005100304500004800355590002600403650003500429650003500464700003300499910004000532942001200572952013300584999001700717DO-SdBPM20250225070241.01607182000 xxu a spa d a0439083702 aDO-SdBPMbspacBPMSU 4a819.3bB772f 20002221 aBourgeois, Pauletted1951-10aFranklin goes to the hospital /cPaulette Bourgeois ; ilustraciones Brenda Clark  aNew York : bScholastic,c2000. a[30] p. :bil. ;c23 cm.  aWhich of these Franklin stories have you read? aFranklin is a trade mark of kids can press. aInventariado, 2025/VM 4aCuentos infantiles canadienses 4aLibros ilustrados para niños1 aClark, Brendaeilustraciones aVMateo V. Control de calidad. BPMSU 2ddccBK 00102ddc40708CI-GaBPMETbBPMETd2017-01-20eFUNDIl0oBPMSU CGI 819.3 B772f 2000pBPMSU17010746r2017-01-20w2017-01-20yBK c12528d12528